Discurso leído en la Universidad Central por el licenciado D. Benigno Villafranca y Alfaro al recibir la investidura de doctor en la Facultad de Medicina. (Record no. 167555)

MARC details
000 -LEADER
campo de control de longitud fija 00903nam a2200181 i 4500
001 - NÚMERO DE CONTROL
campo de control 167555
003 - IDENTIFICADOR DE NÚMERO DE CONTROL
campo de control ES-MaACL
005 - FECHA Y HORA DE LA ÚLTIMA TRANSACCIÓN
campo de control 20230906213541.0
008 - DATOS DE LONGITUD FIJA--INFORMACIÓN GENERAL
campo de control de longitud fija 000908s1859 sp |||| | spa d
040 ## - FUENTE DE CATALOGACIÓN
Centro catalogador/agencia de origen CYL
Lengua de catalogación spa
Centro/agencia transcriptor CYL
100 1# - ENTRADA PRINCIPAL--NOMBRE DE PERSONA
Nombre de persona Villafranca y Alfaro, Benigno.
9 (RLIN) 114922
245 10 - MENCIÓN DEL TÍTULO
Título Discurso leído en la Universidad Central por el licenciado D. Benigno Villafranca y Alfaro al recibir la investidura de doctor en la Facultad de Medicina.
260 ## - PUBLICACIÓN, DISTRIBUCIÓN, ETC.
Lugar de publicación, distribución, etc. Madrid :
Nombre del editor, distribuidor, etc. [s.n.],
Fecha de publicación, distribución, etc. 1859 (
Fabricante Imprenta de D. Francisco Sánchez)
300 ## - DESCRIPCIÓN FÍSICA
Extensión 24 p. ;
Dimensiones 24 cm.
594 ## - Nota al título y mención de responsabilidad
Nota al título y mención de responsabilidad Tit. del discurso: Juan Huarte y su examen de ingenios para las ciencias.
600 04 - PUNTO DE ACCESO ADICIONAL DE MATERIA--NOMBRE DE PERSONA
Nombre de persona Huarte de San Juan, Juan.
9 (RLIN) 64470
852 ## - LOCALIZACIÓN
Ubicación ES-MaACL
Número de control de estantería T-668-F-11
Nota libre -- Enc. hol., falto de la cub. original
-- -- Sello de los Escolares Médicos
-- -- An. ms.: ded. de Gustavo Sáenz Diez a los Escolares Médicos
-- -- Enc. en un vol. facticio
Holdings
Estatus retirado Estado de pérdida Estado de daño No para préstamo Colección Biblioteca de origen Biblioteca actual Ubicación en estantería Fecha de adquisición Total de préstamos Signatura topográfica completa Código de barras Visto por última vez Precio de reemplazo Tipo de ítem Koha
        Colección de folletos Biblioteca del Ateneo de Madrid Biblioteca del Ateneo de Madrid Depósito folletos 17/01/2008   T-668-F-11 1175783 23/02/2023 23/02/2023 Folleto